| 000 | 01209nam0a22002411 4500 | ||
|---|---|---|---|
| 001 | rc\1023988 | ||
| 005 | 20250622082426.0 | ||
| 035 | _a(NLR Aleph) 006188332 | ||
| 090 |
_a6139364 _c6139364 |
||
| 100 | _a20041129d1981 |||y0rusy50 ca | ||
| 101 | 0 | _arus | |
| 102 | _aRU | ||
| 105 | _ay ||||||||| | ||
| 200 | 1 |
_aПодготовка выпускников педагогических учебных заведений к работе в подготовительных классах общеобразовательной школы _e(Метод. рекомендации) _eДля спец. № 2121 "Педагогика и методика нач. обучения" и № 2001 "Преподавание в нач. классах общеобразоват. школы" _fМ-во просвещения СССР, Упр. учеб. заведений _g[Сост. Аноров И.И. и др.] |
|
| 210 |
_aМ. _cБ. и. _d1981 |
||
| 215 |
_a36 с. _d20 |
||
| 702 | 1 |
_aАноров _bИ.И. _4220 |
|
| 712 | 0 | 1 |
_aСССР _bМ-во просвещения _bУпр. учеб. заведений |
| 801 | 0 |
_aRU _bNLR _gpsbo |
|
| 801 | 1 |
_aRU _bELAR _2rusmarc |
|
| 852 |
_aNLR _j82-4/11475 |
||
| 942 | _cBOOK | ||
| 980 | _aNB | ||